Warhammer 40K: Primarchs and Legions Picture Quiz - Statistics

General Stats
  • This quiz has been taken 36 times
  • The average score is 29 of 36
Answer Stats
Picture Hint Answer % Correct
XVI Horus
97%
XV Magnus the Red
94%
XIII Roboute Guilliman
94%
IX Sanguinius
94%
XII Angron
90%
V Jaghatai Khan
90%
XVIII Salamanders
90%
XIII Ultramarines
90%
XX Alpharius / Omegon
87%
VI Leman Russ
87%
I Lion El'Johnson
87%
XVIII Vulkan
87%
XX Alpha Legion
84%
XIX Corvus Corax
84%
VII Rogal Dorn
84%
VI Space Wolves
84%
IX Blood Angels
81%
III Emperor's Children
81%
IV Iron Warriors
81%
XIV Mortarion
81%
X Ferrus Manus
77%
III Fulgrim
77%
VII Imperial Fists
77%
X Iron Hands
77%
XVI Sons of Horus
77%
XV Thousand Sons
77%
V White Scars
77%
I Dark Angels
74%
VIII Night Lords
74%
IV Perturabo
74%
XII World Eaters
74%
XIV Death Guard
71%
VIII Konrad Curze
71%
XVII Lorgar Aurelian
71%
XIX Raven Guard
71%
XVII Word Bearers
71%
No matching quizzes found
Score Distribution
Percent of People with Each Score
Percentile by Number Answered
Your Score History
You have not taken this quiz